| 000 | 00862nac a22002051u 4500 | ||
|---|---|---|---|
| 020 | _a0412718405 | ||
| 082 |
_a658.0480941 _bOSB |
||
| 090 |
_c6207 _d6207 |
||
| 100 | _a20080729 | ||
| 245 |
_aManaging in the voluntary sector : _b a handbook for managers in charitable and non-profit organizations / _c edited by Stephen P. Osborne |
||
| 260 |
_aLondon : _b International Thomson Business Press, 1996. _c1996 |
||
| 300 |
_axii,281p. : _b ill. ; _c 24cm |
||
| 500 | _adistributer: Al-Ahram | ||
| 504 | _aIncludes bibliographical references and index. | ||
| 511 | _acatalogued by: wessam | ||
| 650 |
_aAssociations, institutions, etc. _x Management. _z Great Britain |
||
| 650 |
_aNonprofit organizations _x Management. _z Great Britain |
||
| 700 |
_aOsborne, Stephen P., _d1953- |
||
| 942 |
_cBB _k658.0480941 OSB |
||
| 999 |
_c6207 _d6207 |
||